[Event "Udaipur Lakecity op 1st"]
[Site "Udaipur"]
[Date "2019.09.20"]
[Round "10"]
[White "Vlassov, Nikolai"]
[Black "Rathore, SK."]
[Result "1-0"]
[WhiteElo "2384"]
[BlackElo "1988"]
[PlyCount "43"]
[EventDate "2019.09.13"]
[EventType "swiss"]
[EventRounds "10"]
[EventCountry "IND"]
[SourceTitle "EXT 2020"]
[Source "ChessBase"]
[SourceDate "2019.10.17"]
[SourceVersion "1"]
[SourceVersionDate "2019.10.17"]
[SourceQuality "1"]

1. e4 e5 2. Bc4 Nf6 3. d3 Be7 4. f4 d6 5. Nf3 Nc6 6. Nc3 0-0 7. f5 Na5 8. g4 Nxg4 9. Rg1 Nf6 10. Bh6 Ne8 11. Qd2 Nxc4 12. dxc4 Kh8 13. 0-0-0 Bf6 14. Nd5 Rg8 15. Qg2 g6 16. Rdf1 Bg7 17. Bg5 Qd7 18. fxg6 fxg6 19. Nh4 Qh3 20. Qf2 Bd7 21. Ne7 Qe6 22. Nhxg6+ 1-0

[Event "Udaipur Lakecity op 3rd"]
[Site "Udaipur"]
[Date "2019.03.28"]
[Round "2"]
[White "Bhatt, Pradip P"]
[Black "Rathore, SK."]
[Result "1/2-1/2"]
[WhiteElo "1493"]
[BlackElo "2092"]
[PlyCount "131"]
[EventDate "2019.03.28"]
[EventType "swiss"]
[EventRounds "8"]
[EventCountry "IND"]
[SourceTitle "CBM 189 Extra"]
[Source "ChessBase"]
[SourceDate "2019.06.03"]
[SourceVersion "1"]
[SourceVersionDate "2019.06.03"]
[SourceQuality "1"]

1. d4 Nf6 2. Nc3 d5 3. Bg5 h6 4. Bxf6 exf6 5. e3 c6 6. Bd3 Bd6 7. Nge2 0-0 8. Ng3 g6 9. Qf3 Re8 10. 0-0-0 Na6 11. e4 dxe4 12. Ngxe4 f5 13. Nxd6 Qxd6 14. d5 Nc7 15. Bc4 Bd7 16. Rd2 c5 17. Qg3 f4 18. Qf3 b5 19. Be2 f5 20. Bd1 g5 21. Ne2 Rad8 22. h4 Rxe2 23. Qxe2 g4 24. c4 Re8 25. Qd3 bxc4 26. Qxc4 Re4 27. Qc3 Bb5 28. Bb3 Be2 29. Re1 Nb5 30. Qa5 f3 31. gxf3 gxf3 32. Rg1+ Rg4 33. Rxg4+ fxg4 34. Bd1 Nd4 35. Qxa7 g3 36. fxg3 f2 37. Rxe2 f1Q 38. Re8+ Qff8 39. Qa8 Qxe8 40. Qxe8+ Kg7 41. Qe4 Qxg3 42. a4 Qg1 43. Qg4+ Qxg4 44. Bxg4 Kf6 45. a5 Nb3+ 46. Kc2 Nxa5 47. Kd3 Ke5 48. Bf3 Kf5 49. Kc3 Ke5 50. Bg2 Kd6 51. b4 cxb4+ 52. Kxb4 Nb7 53. Kc4 Ke5 54. Kb5 Nd6+ 55. Kc6 Nf5 56. h5 Ne7+ 57. Kd7 Nxd5 58. Bxd5 Kxd5 59. Ke7 Ke5 60. Kd7 Kf6 61. Kd6 Kg5 62. Ke5 Kxh5 63. Kf4 Kh4 64. Kf3 Kh3 65. Kf2 Kg4 66. Ke1 1/2-1/2

[Event "Bhopal op"]
[Site "Bhopal"]
[Date "2018.12.25"]
[Round "7"]
[White "Manik, Mikulas"]
[Black "Rathore, SK."]
[Result "1-0"]
[WhiteElo "2410"]
[BlackElo "2106"]
[PlyCount "83"]
[EventDate "2018.12.21"]
[EventType "swiss"]
[EventRounds "10"]
[EventCountry "IND"]
[SourceTitle "CBM 188 Extra"]
[Source "ChessBase"]
[SourceDate "2019.02.26"]
[SourceVersion "1"]
[SourceVersionDate "2019.02.26"]
[SourceQuality "1"]

1. e4 e5 2. Nf3 Nc6 3. Bb5 a6 4. Ba4 Nf6 5. 0-0 Be7 6. d3 b5 7. Bb3 d6 8. a3 Bg4 9. c3 0-0 10. Nbd2 d5 11. h3 Bh5 12. Re1 Qd7 13. Qe2 d4 14. Nf1 Rad8 15. Rd1 Bg6 16. Ng3 Nh5 17. Nxh5 Bxh5 18. g4 Bg6 19. Kg2 Kh8 20. cxd4 exd4 21. Bf4 Bd6 22. Bxd6 Qxd6 23. Rac1 Na5 24. Ba2 c5 25. Qd2 Nc6 26. Nh4 Ne7 27. f4 f6 28. f5 Be8 29. b4 cxb4 30. axb4 Nc6 31. Rc5 Ne5 32. Rdc1 Bc6 33. Nf3 Nxf3 34. Kxf3 Bb7 35. Qf4 Qb6 36. Qc7 Qa7 37. Bd5 Rb8 38. Bxb7 Rxb7 39. Qd6 Qa8 40. Rc6 Ra7 41. Qxd4 a5 42. Qc5 1-0

[Event "IND-ch"]
[Site "Nagpur"]
[Date "1999.04.07"]
[Round "16"]
[White "Thipsay, Praveen Mahadeo"]
[Black "Rathore, SK."]
[Result "1-0"]
[WhiteElo "2467"]
[BlackElo "2372"]
[PlyCount "87"]
[EventDate "1999.03.23"]
[EventType "tourn"]
[EventRounds "17"]
[EventCountry "IND"]
[EventCategory "7"]
[SourceTitle "CBM 069 Extra"]
[Source "ChessBase"]
[SourceDate "1999.05.10"]
[SourceVersion "1"]
[SourceVersionDate "1999.05.10"]
[SourceQuality "1"]

1. e4 e5 2. Nf3 Nc6 3. Bb5 a6 4. Ba4 Nf6 5. 0-0 Be7 6. Re1 b5 7. Bb3 d6 8. c3 0-0 9. h3 Nb8 10. d4 Nbd7 11. Nbd2 Bb7 12. Bc2 Re8 13. b3 Bf8 14. Bb2 g6 15. a4 Bg7 16. Bd3 c6 17. Qc2 d5 18. dxe5 Nxe4 19. Nxe4 dxe4 20. Bxe4 Nxe5 21. Nxe5 Bxe5 22. Bf3 Qf6 23. Re3 Re6 24. axb5 axb5 25. Rxa8+ Bxa8 26. Bg4 Re7 27. Qd2 Bc7 28. c4 Qd6 29. Qc3 f6 30. Qxf6 Qxf6 31. Bxf6 Rxe3 32. fxe3 Kf7 33. Bd4 bxc4 34. bxc4 Bb7 35. Kf2 Ba6 36. c5 Bc4 37. Bf3 Bb5 38. Be4 Ke6 39. h4 Be5 40. g4 Ba4 41. g5 Bb5 42. h5 gxh5 43. Bxh7 h4 44. Be4 1-0

[Event "IND-ch"]
[Site "Nagpur"]
[Date "1999.04.04"]
[Round "13"]
[White "Rathore, SK."]
[Black "Hegde, Ravi Gopal"]
[Result "0-1"]
[WhiteElo "2372"]
[BlackElo "2397"]
[PlyCount "98"]
[EventDate "1999.03.23"]
[EventType "tourn"]
[EventRounds "17"]
[EventCountry "IND"]
[EventCategory "7"]
[SourceTitle "CBM 069 Extra"]
[Source "ChessBase"]
[SourceDate "1999.05.10"]
[SourceVersion "1"]
[SourceVersionDate "1999.05.10"]
[SourceQuality "1"]

1. e4 c5 2. Ne2 e6 3. c4 Nc6 4. d4 cxd4 5. Nxd4 Nf6 6. Nc3 Bb4 7. Nxc6 bxc6 8. Bd3 e5 9. 0-0 0-0 10. Be3 d6 11. h3 Be6 12. Ne2 d5 13. Qc2 d4 14. Bg5 Be7 15. f4 c5 16. f5 Bd7 17. Qc1 Rb8 18. g4 h6 19. Bd2 Nh7 20. b3 Bg5 21. Kg2 a5 22. Ng1 a4 23. Rb1 axb3 24. axb3 Bc6 25. Nf3 Bxd2 26. Qxd2 Ng5 27. Nxg5 Qxg5 28. Qxg5 hxg5 29. f6 Rb6 30. fxg7 Kxg7 31. Rf2 f6 32. Ra2 Ra8 33. Rxa8 Bxa8 34. Rb2 Rb4 35. Bc2 Bc6 36. Bb1 Kg6 37. Bd3 Kf7 38. Kf2 Ke6 39. Ke1 Kd6 40. Rb1 Rb8 41. Rb2 Ra8 42. Rf2 Ke7 43. Kd2 Rh8 44. Rf3 Rh4 45. Bc2 Bd7 46. Rg3 Rh8 47. Rf3 Kf7 48. Kd3 f5 49. gxf5 Kf6 0-1

[Event "IND-ch"]
[Site "Nagpur"]
[Date "1999.03.29"]
[Round "7"]
[White "Rathore, SK."]
[Black "Ramesh, Ramachandran B"]
[Result "0-1"]
[WhiteElo "2372"]
[BlackElo "2391"]
[PlyCount "174"]
[EventDate "1999.03.23"]
[EventType "tourn"]
[EventRounds "17"]
[EventCountry "IND"]
[EventCategory "7"]
[SourceTitle "CBM 069 Extra"]
[Source "ChessBase"]
[SourceDate "1999.05.10"]
[SourceVersion "1"]
[SourceVersionDate "1999.05.10"]
[SourceQuality "1"]

1. c4 Nf6 2. Nc3 e6 3. e4 d5 4. e5 d4 5. exf6 dxc3 6. bxc3 Qxf6 7. d4 Nc6 8. Nf3 e5 9. Bg5 Qg6 10. d5 Nb8 11. Qd2 Bd6 12. Qe3 f6 13. Bd3 Qh5 14. c5 Be7 15. Bh4 0-0 16. Rd1 Nd7 17. d6 cxd6 18. cxd6 Bd8 19. Qe4 Kh8 20. g4 Qh6 21. Bc2 Nc5 22. Qb4 b6 23. Be4 Rb8 24. d7 Ba6 25. Bg3 Qh3 26. g5 Be7 27. Qb1 Qg4 28. Bc6 Rbd8 29. h3 Qe6 30. Bd5 Qxd7 31. c4 Qa4 32. 0-0 Bxc4 33. Bxc4 Qxc4 34. gxf6 Bxf6 35. Rxd8 Rxd8 36. Nxe5 Bxe5 37. Bxe5 Kg8 38. Bg3 Ne4 39. Rd1 Nd2 40. Qf5 Qc6 41. Kh2 a5 42. h4 g6 43. Qf4 Nf3+ 44. Qxf3 Qxf3 45. Rxd8+ Kg7 46. Rd7+ Kh6 47. Ra7 Qe4 48. Rf7 Qc4 49. Bf4+ Kh5 50. Rxh7+ Kg4 51. Be3 Qxa2 52. Bxb6 Qb2 53. Be3 a4 54. Rf7 Qe5+ 55. Kg2 g5 56. hxg5 a3 57. g6 Qd5+ 58. f3+ Kh5 59. Ra7 a2 60. g7 Kg6 61. Bd4 Kh7 62. Ra4 Qg5+ 63. Kf2 Qd2+ 64. Kg3 Qe1+ 65. Kg2 Qd2+ 66. Kg3 Qg5+ 67. Kf2 Qh4+ 68. Kg2 a1Q 69. Rxa1 Qxd4 70. Rg1 Qxg7+ 71. Kf1 Qa1+ 72. Kg2 Qb2+ 73. Kg3 Qe5+ 74. Kf2 Qd4+ 75. Kf1 Qe3 76. Kg2 Kg6 77. Rh1 Qe2+ 78. Kg3 Kg5 79. Rh7 Qe5+ 80. Kg2 Qd4 81. Re7 Qd2+ 82. Kh3 Kf4 83. Rf7+ Ke3 84. Kg4 Qg2+ 85. Kh4 Qg6 86. Rb7 Qf6+ 87. Kh5 Qxf3+ 0-1

[Event "IND-ch"]
[Site "Nagpur"]
[Date "1999.03.28"]
[Round "6"]
[White "Neelotpal, Das"]
[Black "Rathore, SK."]
[Result "1-0"]
[WhiteElo "2436"]
[BlackElo "2372"]
[PlyCount "75"]
[EventDate "1999.03.23"]
[EventType "tourn"]
[EventRounds "17"]
[EventCountry "IND"]
[EventCategory "7"]
[SourceTitle "CBM 069 Extra"]
[Source "ChessBase"]
[SourceDate "1999.05.10"]
[SourceVersion "1"]
[SourceVersionDate "1999.05.10"]
[SourceQuality "1"]

1. e4 e5 2. Nf3 Nc6 3. Bb5 a6 4. Ba4 Nf6 5. 0-0 Be7 6. Re1 b5 7. Bb3 d6 8. c3 0-0 9. h3 Bb7 10. d4 Re8 11. Ng5 Rf8 12. Nf3 Re8 13. Nbd2 Bf8 14. Bc2 g6 15. a4 exd4 16. cxd4 Nb4 17. Bb1 c5 18. d5 Nd7 19. Nf1 Bg7 20. Bg5 Qc7 21. Qc1 bxa4 22. Bd2 a5 23. Bc3 Ba6 24. Bxg7 Kxg7 25. Ne3 Nf6 26. Nf5+ Kh8 27. Qh6 Nh5 28. Nxd6 Rg8 29. e5 Nd3 30. Bxd3 Bxd3 31. g4 Rab8 32. Ng5 Rg7 33. gxh5 Qe7 34. Kh1 Rxb2 35. Rxa4 Qa7 36. Rf4 Qa8 37. Rxf7 Qxd5+ 38. Kg1 1-0

[Event "IND-ch"]
[Site "Nagpur"]
[Date "1999.03.23"]
[Round "1"]
[White "Rathore, SK."]
[Black "Bakre, Tejas"]
[Result "1-0"]
[WhiteElo "2372"]
[BlackElo "2333"]
[PlyCount "87"]
[EventDate "1999.03.23"]
[EventType "tourn"]
[EventRounds "17"]
[EventCountry "IND"]
[EventCategory "7"]
[SourceTitle "CBM 069 Extra"]
[Source "ChessBase"]
[SourceDate "1999.05.10"]
[SourceVersion "1"]
[SourceVersionDate "1999.05.10"]
[SourceQuality "1"]

1. e4 c5 2. Ne2 d6 3. c4 e5 4. g3 g6 5. Bg2 Bg7 6. 0-0 Ne7 7. f4 Nbc6 8. Nbc3 0-0 9. d3 Nd4 10. fxe5 dxe5 11. Nxd4 Qxd4+ 12. Kh1 Qd6 13. Nd5 f5 14. Be3 Nxd5 15. cxd5 f4 16. Bg1 g5 17. Rc1 b6 18. gxf4 gxf4 19. Bf3 Bh3 20. Re1 Rac8 21. Bf2 Kh8 22. Rg1 Bf6 23. Bg4 Bxg4 24. Qxg4 Rc7 25. Qh3 Qd7 26. Qh6 Bg7 27. Qh5 Qb5 28. Qe2 Bh6 29. Qd2 Qd7 30. Qc3 Bg7 31. b4 Rfc8 32. bxc5 bxc5 33. Qc2 Qh3 34. Qe2 Bh6 35. Rb1 c4 36. dxc4 Rxc4 37. Rb3 Qd7 38. Qh5 Bg7 39. Rh3 h6 40. Qg6 Rc1 41. Rxh6+ Kg8 42. Qh7+ Kf8 43. Rf6+ Ke8 44. Qg8+ 1-0